Future positive : A book for the energetic eighties

Shranjeno v:
Bibliografske podrobnosti
Glavni avtor: Bono, Edward de
Format: Knjiga
Jezik:Undetermined
Izdano: London Penguin Books 1979
Teme:
Oznake: Označite
Brez oznak, prvi označite!
Thư viện lưu trữ: Trung tâm Học liệu Trường Đại học Cần Thơ
LEADER 00520nam a2200193Ia 4500
001 CTU_86129
008 210402s9999 xx 000 0 und d
082 |a 330.4 
082 |b B719 
100 |a Bono, Edward de 
245 0 |a Future positive : 
245 2 |b A book for the energetic eighties 
245 0 |c Edward de Bono 
260 |a London 
260 |b Penguin Books 
260 |c 1979 
650 |a Quality of life,Social prediction 
904 |i Năm 
980 |a Trung tâm Học liệu Trường Đại học Cần Thơ